Les théories Harry Potter les plus connues - Statistiques

Statistiques générales
  • Ce quiz a été pris 101 fois
  • Le résultat moyen est 4 sur 15
Statistiques - réponses
Hint Réponse % Correct
Hermione serait la sœur cachée de... Harry Potter
77%
Albus Dumbledore serait en fait... Ron Weasley
47%
Pattenrond aurait appartenu à... Lily et James Potter
43%
Hagrid serait un... mangemort
36%
Drago Malefoy serait en fait un... loup-garou
33%
Harry serait un lointain descendant de... Godric Gryffondor
30%
Voldemort, Rogue et Harry seraient la réincarnation des... frères Peverell
28%
Voldemort voulait transformer en Horcruxe... l'épée de Gryffondor
14%
Severus Rogue serait... toujours vivant
14%
Miss Teigne serait en réalité une... malédictus
13%
Albus Dumbledore aurait fabriqué... un Horcruxe
11%
(Blague de l'autrice) Le calamar géant serait en fait... Godric Gryffondor
10%
Les Dursley sont méchants à cause de... Harry qui est un Horcruxe
10%
À la fin du tome 4, Voldemort avait prévu de... prendre l'apparence de Harry
10%
L'Arche du Département des Mystères aurait été construite par... Cadmus Peverell
8%
Aucun quiz correspondant
Distribution des résultats
% des personnes avec chaque résultat
Percentile par nombre de réponses
Votre historique - résultats
Vous n’avez pas pris ce quiz